Del monte a la orilla : el aprendizaje desde la Minga, una propuesta de etnoeducación en el Pacífico colombiano /

Detalles Bibliográficos
Autor principal: Caicedo Arroyo, Mary Lili (Autor)
Formato: Electrónico eBook
Lenguaje:español
Publicado: Bogotá : Editorial Aula de Humanidades, 2023.
Edición:Primera edición.
Colección:Colección Educación e inclusión (Editorial Aula de Humanidades)
Materias:
Acceso en línea:Digitalia Hispánica

MARC

LEADER 00000nam a2200000 i 4500
001 DIGAUHUM0050
003 NyNyDIG
007 cr |||||||||||
008 250503s2023 ck ao ob 000 0 spa d
006 m o d
035 |a (OCoLC)1519503181 
040 |a DGITA  |b eng  |e rda  |e pn  |c DGITA 
020 |a 9786287625754  |q (versión digital) 
020 |z 9786287625747  |q (versión impresa) 
043 |a s-ck--- 
050 1 4 |a LC2805.C7 ebook 
100 1 |a Caicedo Arroyo, Mary Lili,  |e author. 
245 1 0 |a Del monte a la orilla :  |b el aprendizaje desde la Minga, una propuesta de etnoeducación en el Pacífico colombiano /  |c Mary Lili Caicedo Arroyo. 
250 |a Primera edición. 
264 1 |a Bogotá :  |b Editorial Aula de Humanidades,  |c 2023. 
300 |a 1 online resource :  |b illustrations, photographs. 
336 |a text  |b txt  |2 rdacontent 
337 |a computer  |b c  |2 rdamedia 
338 |a online resource  |b cr  |2 rdacarrier 
347 |a text file  |2 rdaft 
347 |b PDF 
490 1 |a Colección: Educación e Inclusión 
504 |a Includes bibliographical references. 
588 0 |a Online resource; title from PDF title page (Digitalia, viewed May 3, 2025) 
650 0 |a Multicultural education  |z Colombia  |z Pacific Coast Region. 
650 0 |a Black people  |x Education  |z Colombia  |z Pacific Coast Region. 
791 2 |a Digitalia (Firm),  |e distributor. 
793 0 |g Digitalia eBook Collection:  |a Editorial Aula de Humanidades 
776 0 8 |i Print version:  |a Caicedo Arroyo, Mary Lili.  |t Del monte a la orilla.  |b Primera edición.  |d Bogotá : Editorial Aula de Humanidades, [2023]  |z 9786287625747 
830 0 |a Colección Educación e inclusión (Editorial Aula de Humanidades) 
856 4 0 |3 Digitalia Hispánica  |u https://www.digitaliapublishing.com/a/170638/ 
910 |a Premium collection: 2025